[Event "Ambalangoda Dhamso op 5th"]
[Site "Ambalangoda"]
[Date "2015.05.29"]
[Round "1"]
[White "Davies, Carl"]
[Black "Chathuranga, K Sahan"]
[Result "0-1"]
[WhiteElo "1837"]
[BlackElo "1826"]
[PlyCount "32"]
[EventDate "2015.05.29"]
[EventType "swiss"]
[EventRounds "9"]
[EventCountry "SRI"]
[SourceTitle "EXT 2016"]
[Source "ChessBase"]
[SourceDate "2015.10.08"]
[SourceVersion "1"]
[SourceVersionDate "2015.10.08"]
[SourceQuality "1"]

1. e4 e5 2. Nf3 Nc6 3. Nc3 Bc5 4. Bc4 Nf6 5. 0-0 0-0 6. Ng5 d6 7. Nxf7 Rxf7 8. Bxf7+ Kxf7 9. Nb5 Kg8 10. d3 a6 11. Na3 Qe8 12. Nc4 Qg6 13. Bd2 Bg4 14. Qe1 Bh3 15. Ne3 Bxe3 16. Qxe3 Qxg2# 0-1